Tolley's Workplace Accident Handbook

Na minha lista:
Detalhes bibliográficos
Main Authors: Tyler, Mark (Author), a kol (Author)
Formato: Livro
Idioma:inglês
Publicado em: Amsterdam : Elsevier, 2007
Edição:2nd ed
Assuntos:
Tags: Adicionar Tag
Sem tags, seja o primeiro a adicionar uma tag!

MARC

LEADER 00000nam a22000003a 4500
001 stu233562
005 20150617225810.8
008 110819s2007----ne------------------eng-d
020 |a 978-0-75-068151-3 
040 |a STU  |b slo 
041 0 |a eng 
044 |a ne 
080 |a 331 
100 1 |a Tyler, Mark  |4 aut 
245 1 |a Tolley's Workplace Accident Handbook 
250 |a 2nd ed 
260 |a Amsterdam :  |b Elsevier,  |c 2007 
300 |a 443 s 
650 7 |a priemyselné havárie  |2 stusub 
700 1 |a a kol.  |4 aut 
996 |b 284M080086  |c M*13037-1  |l MMKN  |s A  |a 24  |w stu233562_0001